01674nab a22002777a 4500003000400000005001700004008004100021040000700062245014400069260007300213300001300286500003600299505046100335505011300796505008200909650001800991650002401009650003501033650004001068650004601108650002801154650002601182650001401208650002601222773014801248OSt20251218110313.0190429b xxu||||| |||| 00| 0 spa d cPJ10aParticipación omisiva en el delito de violación. El progenitor que no evita las agresiones sexuales contra su hija /cGustavo E. Aboso. cCiudad Autónoma de Buenos Aires :aThomson Reuters La Ley, b2025. ap. 29-56 aCita: TR LALEY AR/DOC/729/2025. aSumario: I. Introducción.— II. Los hechos.— III. El modelo diferenciador en materia de participación criminal y sus consecuencias.— IV. La participación mediante omisión.— V. Elementos constituyentes de la comisión por omisión.— VI. ¿La madre como autora?— VII. La autoría omisiva como infracción de deber.— VIII. Atenuación de la responsabilidad penal desde la perspectiva de la violencia de género.— IX. Conclusiones. tFallos comentados: CNCrim. y Correc., sala VII ~ 03/10/2024 ~ C. C., E. s/ falta de mérito. Abuso sexual. tSi te interesa el texto completo, solicitalo a koha@justierradelfuego.gov.ar  0aDERECHO PENAL 0aDELITO DE OMISIÓN 0aDELITO DE COMISION POR OMISION 0aDELITOS CONTRA LA INTEGRIDAD SEXUAL 0aABUSO SEXUAL CALIFICADO POR ACCESO CARNAL 0aPARTICIPACION NECESARIA 0aVIOLENCIA DE GÉNERO 0aAUTORÍA 0aRESPONSABILIDAD PENAL0 02658tRevista de derecho penal y criminología. Nº 4 - Mayo 2025dCiudad Autónoma de Buenos Aires : Thomson Reuters La Ley, 2017-x00347914